Joseph Tuckerman correspondence, (Record no. 44164)
[ view plain ]
| 000 -LEADER | |
|---|---|
| fixed length control field | 01612cpcaa2200325 a 4500 |
| 001 - CONTROL NUMBER | |
| control field | mm 87006189 |
| 003 - CONTROL NUMBER IDENTIFIER | |
| control field | DLC |
| 005 - DATE AND TIME OF LATEST TRANSACTION | |
| control field | 20260227111722.0 |
| 008 - FIXED-LENGTH DATA ELEMENTS--GENERAL INFORMATION | |
| fixed length control field | 870514|||||||||||| eng |
| 010 ## - LIBRARY OF CONGRESS CONTROL NUMBER | |
| LC control number | mm 87006189 |
| 040 ## - CATALOGING SOURCE | |
| Original cataloging agency | DLC |
| Transcribing agency | DLC |
| Modifying agency | DLC |
| Description conventions | dacs |
| 072 #7 - SUBJECT CATEGORY CODE | |
| Subject category code | C |
| Source | lcmd |
| 100 1# - MAIN ENTRY--PERSONAL NAME | |
| Personal name | Tuckerman, Joseph, |
| Dates associated with a name | 1778-1840. |
| 245 00 - TITLE STATEMENT | |
| Title | Joseph Tuckerman correspondence, |
| Inclusive dates | 1836-1840. |
| 300 ## - PHYSICAL DESCRIPTION | |
| Extent | 4 |
| Type of unit | items. |
| 506 0# - RESTRICTIONS ON ACCESS NOTE | |
| Terms governing access | Open to research. |
| 520 8# - SUMMARY, ETC. | |
| Summary, etc. | ALS (1836 September 5) written by Ada King, Countess of Lovelace, extending an invitation to Tuckerman to visit while in London; ALS (1840 April 29) written by William Ellery Channing to Tuckerman commenting on their mutual religious beliefs; and two ALsS (no year February 7 and May 9) written by Lady Anne Isabella Milbanke Byron inviting Tuckerman to dine with her. |
| 545 0# - BIOGRAPHICAL OR HISTORICAL DATA | |
| Biographical or historical data | Clergyman. |
| 546 ## - LANGUAGE NOTE | |
| Language note | Collection material in English. |
| 580 ## - LINKING ENTRY COMPLEXITY NOTE | |
| Linking entry complexity note | Forms part of: Miscellaneous Manuscripts collection. |
| 600 10 - SUBJECT ADDED ENTRY--PERSONAL NAME | |
| Personal name | Byron, Anne Isabella Milbanke Byron, |
| Titles and other words associated with a name | Baroness, |
| Dates associated with a name | 1792-1860 |
| Form subdivision | Correspondence. |
| 600 10 - SUBJECT ADDED ENTRY--PERSONAL NAME | |
| Personal name | Channing, William Ellery, |
| Dates associated with a name | 1780-1842 |
| Form subdivision | Correspondence. |
| 600 10 - SUBJECT ADDED ENTRY--PERSONAL NAME | |
| Personal name | Channing, William Ellery, |
| Dates associated with a name | 1780-1842 |
| General subdivision | Religion. |
| 600 10 - SUBJECT ADDED ENTRY--PERSONAL NAME | |
| Personal name | Lovelace, Ada King, |
| Titles and other words associated with a name | Countess of, |
| Dates associated with a name | 1815-1852 |
| Form subdivision | Correspondence. |
| 600 10 - SUBJECT ADDED ENTRY--PERSONAL NAME | |
| Personal name | Tuckerman, Joseph, |
| Dates associated with a name | 1778-1840 |
| General subdivision | Religion. |
| 651 #0 - SUBJECT ADDED ENTRY--GEOGRAPHIC NAME | |
| Geographic name | London (England) |
| General subdivision | Social life and customs. |
| 656 #7 - INDEX TERM--OCCUPATION | |
| Occupation | Clergy. |
| Source of term | itoamc |
No items available.